Elementos de geometría descriptiva: conforme al programa del tercer año de la Escuela Naval
Salvato in:
| Autore principale: | |
|---|---|
| Natura: | Libro |
| Lingua: | spagnolo |
| Pubblicazione: |
Valparaíso
Imprenta Mercantil
1950
|
| Soggetti: | |
| Tags: |
Aggiungi Tag
Nessun Tag, puoi essere il primo ad aggiungerne!!
|
MARC
| LEADER | 00000nam a2200000 a 4500 | ||
|---|---|---|---|
| 001 | UCV4471 | ||
| 003 | CL-VaPUC | ||
| 008 | 930729e19500000CL |||||||||||||||||spa|d | ||
| 082 | 0 | 4 | |a 516.6 |b PRA |2 21 |
| 100 | 0 | |a Prado Viancos, Fernando |e author |9 298721 | |
| 245 | 1 | 0 | |a Elementos de geometría descriptiva: conforme al programa del tercer año de la Escuela Naval |
| 300 | |a 96 p | ||
| 942 | |c BK | ||
| 945 | |d 19930729 00:00:00 | ||
| 260 | |a Valparaíso |b Imprenta Mercantil |c 1950 | ||
| 650 | 7 | |a GEOMETRIA DESCRIPTIVA |2 CL-VaPUC |9 260478 | |
| 583 | |a last modification |c 19930729 00:00:00 |k Rodrigo Vera | ||
| 999 | |c 211282 |d 211280 | ||
| 952 | |0 0 |1 0 |4 0 |6 516_600000000000000_PRA_1950 |7 0 |8 A |9 190041 |a BIBING |b BIBING |d 2019-11-14 |i 2577178 |o 516.6 PRA 1950 |p 2577178 |r 2023-03-02 |w 2019-11-14 |y BK |k ING | ||